Purchasing an encyclopedia : 12 points to consider
Αποθηκεύτηκε σε:
| Συγγραφή απο Οργανισμό/Αρχή: | |
|---|---|
| Μορφή: | Βιβλίο |
| Γλώσσα: | English |
| Δημοσίευση: |
Chicago :
Booklist Publications/Americal Library Association,
1996
|
| Έκδοση: | 5th ed. |
| Θέματα: | |
| Ετικέτες: |
Προσθήκη ετικέτας
Δεν υπάρχουν, Καταχωρήστε ετικέτα πρώτοι!
|
MARC
| LEADER | 00000nam a2200000 i 4500 | ||
|---|---|---|---|
| 001 | 1/88697 | ||
| 008 | 990825s1996 eng d | ||
| 020 | |a 0-8389-7823-1 | ||
| 035 | |l 10052596 | ||
| 040 | |a GR-MY-UA |b gre |e aacr | ||
| 041 | 0 | |a eng | |
| 082 | 0 | |a 031 | |
| 110 | 2 | |a American Library Association. | |
| 245 | 1 | 0 | |a Purchasing an encyclopedia : |b 12 points to consider / |c American Library Association |
| 250 | |a 5th ed. | ||
| 260 | |a Chicago : |b Booklist Publications/Americal Library Association, |c 1996 | ||
| 300 | |a 43 σ.; |c 23 εκ. | ||
| 500 | |a Reviews by the Editorial Board of Reference Books Bulletin; Revised Introduction by Sandy Whiteley | ||
| 650 | 0 | 0 | |a Encyclopedias and dictionaries |x Book reviews. |
| 852 | |a INST |b LESVOS |e 19990825 |h 031 PUR |p 005100019630 |q 005100019630 |t BK |y 0 | ||
| 901 | |a BIBL1-1999-3 | ||
| 909 | |a Λ |b 064805 | ||
| 922 | |a 1ΕΛΗ |b 199903 |c ΚΠΣ/ΚΥΒ |d LEADER | ||
| 950 | |a 023-1998-09-14 | ||
| 970 | |a ΤΖΑΦΕΡΗ |b ΕΥΑΓΓΕΛΙΑ |z 1999/09/06 | ||